Statistics for SNL Guest Hosts - Season 36

Click here to take the quiz!

General Stats

  • This quiz has been taken 14 times
  • The average score is 15 of 22

Answer Stats

Premiere DateFamous ForMusical GuestGuest Host% Correct
October 23, 2010The Amazing Spider-Man, La La Land, SuperbadKings of LeonEmma Stone
100%
March 5, 2011Hannah Montana, "Wrecking Ball", "We Can't Stop"The StrokesMiley Cyrus
100%
December 11, 2010Ant-Man, Anchorman: The Legend of Ron Burgundy, Wet Hot American SummerPaul McCartneyPaul Rudd
100%
May 7, 201130 Rock, Sisters, Baby MamaEllie GouldingTina Fey
100%
September 25, 2010Parks and Recreation, Sisters, Inside OutKaty PerryAmy Poehler
89%
April 2, 2011"Candle in the Wind 1997", "Can You Feel the Love Tonight", "Don't Let the Sun Go Down on Me"Himself and Leon RussellElton John
89%
January 8, 2011The Mask, Ace Ventura, Bruce AlmightyThe Black KeysJim Carrey
89%
May 21, 2011Trolls, Friends with Benefits, Yogi BearLady GagaJustin Timberlake
89%
November 20, 2010Love and Other Drugs, The Dark Knight Rises, Les MiserablesFlorence + the MachineAnne Hathaway
78%
February 5, 2011Wayne's World, The Secret Life of Pets, former SNL cast memberLinkin ParkDana Carvey
78%
January 29, 2011The Social Network, Zombieland, Batman v Superman: Dawn of JusticeNicki MinajJesse Eisenberg
78%
December 4, 2010Taxi Driver, Meet the Parents, The ComedianDiddy-Dirty MoneyRobert De Niro
78%
October 2, 2010Breaking Bad, Madagascar 3: Europe's Most Wanted, Why Him?Kanye WestBryan Cranston
67%
October 30, 2010Mad Men, Shrek: Forever After, Baby DriverRihannaJon Hamm
67%
May 14, 2011The Office, The Hangover, VacationPaul SimonEd Helms
56%
October 9, 2010Glee, Mascots, Hollywood Game NightBruno MarsJane Lynch
56%
December 18, 2010True Grit, The Big Lebowski, R.I.P.D.Eminem and Lil WayneJeff Bridges
56%
February 12, 2011Arthur, Bedtime Stories, St. Trinian'sChris BrownRussell Brand
56%
November 13, 2010The Avengers, Rough Night, Ghost in the ShellArcade FireScarlett Johansson
56%
April 9, 2011The Queen, Cal, 2010Foo FightersHelen Mirren
33%
March 12, 2011The LEGO Batman Movie, The Hangover, MastermindsJessie JZach Galifianakis
22%
January 15, 2011Iron Man 3, Glee, HookCee Lo GreenGwyneth Paltrow
11%

Score Distribution

Percentile by Number Answered

Percent of People with Each Score

Your Score History

You have not taken this quiz